| 000 | 00617nam a2200181Ia 4500 | ||
|---|---|---|---|
| 003 | GCL | ||
| 008 | 140319s9999 xx 000 0 ara d | ||
| 040 |
_aGCL / _cGCL |
||
| 082 | 0 | 4 |
_aق _b913.3 _bا ر |
| 100 | 1 | _aاحمد خاكى | |
| 245 | 1 | 0 |
_aرسائل من مصر: حياة لوسى دف جوردون فى مصر (1869-1862) / _cاحمد خاكى |
| 300 | _a215 ص | ||
| 650 | 0 | 4 | _aالاحوال الاجتماعية |
| 650 | 0 | 4 | _aالرسائل |
| 650 | 0 | 4 | _aلوسى دف جوردون |
| 650 | 0 | 4 | _aمصر - تاريخ - العصر الحديث - عصر اسماعيل ( 1863-1879 م ) |
| 942 |
_2ddc _cBK |
||
| 999 |
_c38745 _d38745 |
||